|
|
|
|
| LEADER |
00000nam a22000007a 4500 |
| 005 |
20220817224714.0 |
| 007 |
cr|||| |||| |
| 008 |
220817s2019 br |||||s|||| 00||0 por d |
| 020 |
|
|
|a 978-85-93741-54-8
|
| 035 |
|
|
|a 36859
|
| 040 |
|
|
|a vLex
|
| 090 |
|
|
|c 13737
|d 13737
|
| 100 |
1 |
|
|a de Moraes Mello, Cleyson
|
| 245 |
1 |
0 |
|a Teoria Geral do Processo
|h [Recurso electrn̤ico] /
|c Cleyson de Moraes Mello
|
| 256 |
|
|
|a Servicio en ln̕ea
|
| 260 |
|
|
|a Rio de Janeiro:
|b Editora Processo,
|c 2019
|
| 300 |
|
|
|a 1 recurso electrn̤ico
|
| 500 |
|
|
|a Esta obra desvela um conted︢o didt̀ico e contemporńeo da teoria geral do processo, alinhada aos princp̕ios constitucionais sobre o fenm̥eno jurd̕ico processual. Este livro tem como props̤ito orientar alunos, professores e profissionais sobre as liė̳s propedůticas dos institutos fundamentais do direito processual por meio de uma abordagem clara e objetiva.
|
| 506 |
1 |
|
|a Disponible solo en los productos indicados
|d vLex Global
|d vLex Global (Academic Edition, excluding Law Schools)
|d vLex Global (U.S. Academic Edition, Law Schools)
|d vLex Global (U.S. Academic Edition, excluding Law Schools)
|d vLex Global (Academic Edition, Law Schools)
|
| 650 |
0 |
4 |
|a Derecho Procesal
|z Brasil
|
| 740 |
0 |
|
|a vLex Libros (Servicio en ln̕ea)
|
| 856 |
4 |
0 |
|u https://app.vlex.com/#/sources/36859
|z Acceso restringido
|
| 942 |
|
|
|c BOOK
|
| 999 |
0 |
|
|a Procedural law
|